00646nam a2200265Ia 4500008004100000020001800041100001800059245002700077245001800104260001500122260002000137260000900157300001700166300001100183650002300194650002400217650002100241650001700262650001400279650001300293650002200306650002200328650002200350700000800372160803s9999 xx 000 0 und d a9780545299800 aPoblocki, Dan aHauntings and heists / cDan Poblocki. aNew York : bScholastic Inc. c2011 a160 pages ;  c20 cm. aHaunted houses --  aParanormal fiction. aSea monsters --  aStealing --  aTheft --  xFiction. xJuvenile fiction. xJuvenile fiction. xJuvenile fiction. a770